[Event "Aeroflot Open A 2017"]
[Site "Moscow RUS"]
[Date "2017.02.23"]
[Round "3.37"]
[White "Jumabayev, Rinat"]
[Black "Morovic Fernandez, Ivan"]
[Result "1-0"]
[WhiteTitle "GM"]
[BlackTitle "GM"]
[WhiteElo "2611"]
[BlackElo "2550"]
[WhiteFideId "13702661"]
[BlackFideId "3405400"]
[EventDate "2017.02.21"]

1. e4 e5 2. Nf3 Nc6 3. Bc4 Bc5 4. O-O Nf6 5. d3 O-O 6. c3 d6 7. Re1 a6 8. a4 h6
9. h3 Re8 10. Nbd2 Ba7 11. b4 Be6 12. Bxe6 Rxe6 13. Qc2 d5 14. Nb3 dxe4 15. dxe4
Nh5 16. Kh2 Nf4 17. b5 Qd3 18. Ra2 Ne7 19. Rd1 Qxc2 20. Rxc2 Rd6 21. Rdd2 Neg6
22. Nxe5 Rxd2 23. Bxd2 axb5 24. axb5 Nxe5 25. Bxf4 Re8 26. c4 c6 27. Ra2 Bb8 28.
Ra8 f6 29. g3 Kf7 30. Kg2 cxb5 31. cxb5 b6 32. Nd4 Bd6 33. Rxe8 Kxe8 34. Nf5 Bf8
35. Bxe5 fxe5 36. Ne3 Bc5 37. Nc4 Bd4 38. f4 exf4 39. gxf4 Ke7 40. Kf3 g6 41. e5
Ke6 42. Ke4 Bc5 43. Nd2 h5 44. Nf3 Bf2 45. Nd4+ Kf7 46. Kd5 Be3 47. Ke4 Bd2 48.
Nc2 Ke6 49. Ne3 Be1 50. f5+ gxf5+ 51. Nxf5 h4 52. Nd4+ Kd7 53. Kd5 Bf2 54. Nf5
Be1 55. e6+ Kc7 56. Nd6 Kd8 57. Nc4 Bf2 58. Ne5 Ke7 59. Nc6+ Ke8 60. Nd4 Ke7 61.
Nf5+ Kd8 1-0

[Event "Aeroflot Open A 2017"]
[Site "Moscow RUS"]
[Date "2017.02.23"]
[Round "3.38"]
[White "Ramirez, Alejandro"]
[Black "Rozum, Ivan"]
[Result "1/2-1/2"]
[WhiteTitle "GM"]
[BlackTitle "GM"]
[WhiteElo "2549"]
[BlackElo "2601"]
[WhiteFideId "6500617"]
[BlackFideId "24104272"]
[EventDate "2017.02.21"]

1. e4 c6 2. d4 d5 3. f3 Qb6 4. Nc3 dxe4 5. Nxe4 Bf5 6. c3 Nd7 7. Bd3 Bg6 8. Ne2
Ngf6 9. Be3 e6 10. Qd2 Qc7 11. O-O-O O-O-O 12. h4 Be7 13. Qc2 c5 14. Bf4 Qc6 15.
dxc5 Nxc5 16. Nxc5 Bxc5 17. Bxg6 hxg6 18. Rxd8+ Rxd8 19. c4 Bb6 20. Rd1 Rxd1+
21. Kxd1 Bf2 22. Qd3 Nd7 23. Nc3 Nc5 24. Qd2 Qd7 25. Nb5 Qxd2+ 26. Kxd2 Kd7 27.
Nxa7 Na4 28. Be3 Bxe3+ 29. Kxe3 Nxb2 30. Kd4 f6 31. Kc5 e5 32. Nb5 Na4+ 33. Kb4
Nb2 34. Kc5 Na4+ 35. Kb4 Nb2 1/2-1/2

[Event "Aeroflot Open A 2017"]
[Site "Moscow RUS"]
[Date "2017.02.23"]
[Round "3.40"]
[White "Tran, Tuan Minh"]
[Black "Blomqvist, Erik"]
[Result "1-0"]
[WhiteTitle "IM"]
[BlackTitle "GM"]
[WhiteElo "2491"]
[BlackElo "2573"]
[WhiteFideId "12401820"]
[BlackFideId "1709437"]
[EventDate "2017.02.21"]

1. d4 d5 2. c4 c6 3. Nc3 Nf6 4. cxd5 cxd5 5. Bf4 Nc6 6. e3 Bf5 7. Qb3 Na5 8.
Qa4+ Bd7 9. Qc2 e6 10. Bd3 Nc6 11. a3 Nh5 12. Bg3 Be7 13. f4 f5 14. Nf3 O-O 15.
O-O Rc8 16. Qe2 a6 17. Bf2 Nf6 18. Bh4 Ne4 19. Bxe7 Qxe7 20. Rac1 Rc7 21. Rc2
Rfc8 22. Rfc1 Be8 23. Qe1 h6 24. b4 Na7 25. Ne5 a5 26. Na2 Nc6 27. Nxc6 Rxc6 28.
Rxc6 Rxc6 29. Rxc6 Bxc6 30. Qc1 axb4 31. Nxb4 Ba4 32. Bxe4 fxe4 33. h3 Bb3 34.
Qc8+ Kh7 35. Kh2 Bc4 36. Qb8 Bb3 37. Kg3 g5 38. Kh2 Kg7 39. fxg5 hxg5 40. Kg1
Qf7 41. Qg3 Kh6 42. Qd6 Kg7 43. Qd8 Kg6 44. Qb6 Kh5 45. Nc6 bxc6 46. Qxb3 Qa7
47. Qb4 e5 48. g4+ Kg6 49. Qd6+ Kf7 50. Qxc6 Qa5 51. Qd7+ Kg6 52. Qe8+ Kg7 53.
Qxe5+ Kh6 54. Qf6+ Kh7 55. Qf7+ Kh6 56. Qh5+ Kg7 57. Qxg5+ Kf7 58. Qf5+ Kg7 59.
Kg2 1-0

[Event "Aeroflot Open A 2017"]
[Site "Moscow RUS"]
[Date "2017.02.23"]
[Round "3.43"]
[White "Praggnanandhaa, R"]
[Black "Ghaem Maghami, Ehsan"]
[Result "1/2-1/2"]
[WhiteTitle "IM"]
[BlackTitle "GM"]
[WhiteElo "2455"]
[BlackElo "2566"]
[WhiteFideId "25059530"]
[BlackFideId "12500739"]
[EventDate "2017.02.21"]

1. Nf3 c5 2. g3 Nc6 3. Bg2 g6 4. d4 cxd4 5. Nxd4 Bg7 6. Nb3 d6 7. Nc3 Nf6 8. O-O
O-O 9. h3 Be6 10. e4 a5 11. a4 Bxb3 12. cxb3 Rc8 13. h4 Nb4 14. Be3 e6 15. Qe2
Nd7 1/2-1/2

[Event "Aeroflot Open A 2017"]
[Site "Moscow RUS"]
[Date "2017.02.23"]
[Round "3.45"]
[White "Huzman, Alexander"]
[Black "Kuybokarov, Temur"]
[Result "1/2-1/2"]
[WhiteTitle "GM"]
[BlackTitle "IM"]
[WhiteElo "2552"]
[BlackElo "2491"]
[WhiteFideId "2803828"]
[BlackFideId "14203049"]
[EventDate "2017.02.21"]

1. d4 d5 2. c4 c6 3. Nf3 Nf6 4. e3 Bf5 5. Nc3 a6 6. Be2 h6 7. Bd3 Bxd3 8. Qxd3
e6 9. O-O Bb4 10. Bd2 O-O 11. Rfd1 Ba5 12. Rab1 Nbd7 13. a4 Bxc3 14. Bxc3 Ne4
15. Bb4 Re8 16. Qc2 a5 17. Ba3 Rc8 18. Rbc1 f5 19. Ne1 Ng5 20. cxd5 cxd5 21. Qd3
Qb6 22. Rc2 Rc7 23. Rxc7 Qxc7 24. Qb5 Rc8 25. Nd3 b6 26. f3 Nf7 27. Rc1 Qb7 28.
Rxc8+ Qxc8 29. Nf4 Qc1+ 30. Kf2 Qc2+ 31. Ne2 Qc7 32. b3 Nf6 33. h3 Ng5 34. h4 1/2-1/2

[Event "Aeroflot Open A 2017"]
[Site "Moscow RUS"]
[Date "2017.02.23"]
[Round "3.46"]
[White "Paravyan, David"]
[Black "Donchenko, Alexander"]
[Result "1/2-1/2"]
[WhiteTitle "IM"]
[BlackTitle "GM"]
[WhiteElo "2525"]
[BlackElo "2553"]
[WhiteFideId "4194985"]
[BlackFideId "24603295"]
[EventDate "2017.02.21"]

1. e4 c5 2. Nf3 d6 3. Bb5+ Bd7 4. Bxd7+ Qxd7 5. c4 Nf6 6. Nc3 g6 7. d4 cxd4 8.
Nxd4 Bg7 9. f3 O-O 10. Be3 Nc6 11. O-O a6 12. Na4 Qc7 13. Nxc6 Qxc6 14. Nb6 Rad8
15. Rc1 e6 16. a4 Nd7 17. Nd5 Rfe8 18. b4 Bb2 19. Rc2 Be5 20. b5 Qc8 21. Nb6 Qc7
22. Nxd7 Rxd7 23. f4 Bf6 24. Qd3 Ra8 25. f5 Be5 26. fxe6 fxe6 27. Rcf2 Bg7 28.
Kh1 axb5 29. axb5 Rc8 30. Rc2 Be5 31. Bh6 Rf7 32. Rcf2 Rxf2 33. Rxf2 Bg7 34.
Bxg7 Kxg7 35. h3 Qxc4 36. Qxd6 Qc1+ 37. Kh2 Qc7 38. Rd2 Qxd6+ 39. Rxd6 Kf6 40.
Rd7 1/2-1/2

[Event "Aeroflot Open A 2017"]
[Site "Moscow RUS"]
[Date "2017.02.23"]
[Round "3.47"]
[White "Schroeder, Jan-Christian"]
[Black "Pavlovic, Milos"]
[Result "1/2-1/2"]
[WhiteTitle "GM"]
[BlackTitle "GM"]
[WhiteElo "2543"]
[BlackElo "2512"]
[WhiteFideId "24662259"]
[BlackFideId "900389"]
[EventDate "2017.02.21"]

1. e4 e6 2. d4 d5 3. Nd2 c5 4. exd5 exd5 5. Ngf3 Nc6 6. Bb5 Qe7+ 7. Qe2 Qxe2+ 8.
Kxe2 a6 9. Bxc6+ bxc6 10. Re1 f6 11. dxc5 Bxc5 12. Nb3 Bd6 13. Be3 a5 14. a4 Nh6
15. Kf1 Ng4 16. Bc5+ Kd7 17. Rad1 Ne5 18. Nfd4 Bxc5 19. Nxc5+ Kd6 20. Ndb3 Bf5
21. Rd2 g5 22. Nb7+ 1/2-1/2

[Event "Aeroflot Open A 2017"]
[Site "Moscow RUS"]
[Date "2017.02.23"]
[Round "3.48"]
[White "Sarana, Alexey"]
[Black "Olafsson, Helgi"]
[Result "1/2-1/2"]
[WhiteTitle "IM"]
[BlackTitle "GM"]
[WhiteElo "2468"]
[BlackElo "2540"]
[WhiteFideId "24133795"]
[BlackFideId "2300010"]
[EventDate "2017.02.21"]

1. d4 Nf6 2. c4 e6 3. Nf3 d5 4. Nc3 Bb4 5. Bg5 h6 6. Bxf6 Qxf6 7. e3 O-O 8. Rc1
dxc4 9. Bxc4 c5 10. O-O cxd4 11. Ne4 Qe7 12. a3 Ba5 13. Qxd4 Nc6 14. Qc5 Bd7 15.
Rfd1 Rfd8 16. Qxe7 Nxe7 17. Nd6 Bc6 18. Ne5 Rxd6 19. Rxd6 Bc7 20. Nxf7 Kxf7 21.
Rxe6 Kf8 22. Bb5 Kf7 23. Bc4 Kf8 24. Bb5 Kf7 1/2-1/2

[Event "Aeroflot Open A 2017"]
[Site "Moscow RUS"]
[Date "2017.02.24"]
[Round "4.1"]
[White "Cordova, Emilio"]
[Black "Matlakov, Maxim"]
[Result "1/2-1/2"]
[WhiteTitle "GM"]
[BlackTitle "GM"]
[WhiteElo "2655"]
[BlackElo "2701"]
[WhiteFideId "3801497"]
[BlackFideId "4168003"]
[EventDate "2017.02.21"]

1. Nf3 d5 2. g3 Bg4 3. Bg2 c6 4. c4 e6 5. O-O Nf6 6. d3 Be7 7. cxd5 Bxf3 8. Bxf3
cxd5 9. Nc3 Nc6 10. d4 O-O 11. e3 Rc8 12. Bd2 Nd7 13. Qe2 Nb6 14. Rfd1 Qd7 15.
Be1 Rfd8 16. Rac1 a6 17. Bg2 Rc7 18. h4 h6 19. Qc2 1/2-1/2

[Event "Aeroflot Open A 2017"]
[Site "Moscow RUS"]
[Date "2017.02.24"]
[Round "4.2"]
[White "Smirin, Ilia"]
[Black "Iturrizaga Bonelli, Eduardo"]
[Result "1/2-1/2"]
[WhiteTitle "GM"]
[BlackTitle "GM"]
[WhiteElo "2670"]
[BlackElo "2652"]
[WhiteFideId "2801990"]
[BlackFideId "3901211"]
[EventDate "2017.02.21"]

1. e4 c6 2. d4 d5 3. e5 Bf5 4. Nf3 e6 5. Be2 Nd7 6. O-O Bb4 7. Nbd2 Ba5 8. c3 h6
9. Re1 Ne7 10. Nf1 O-O 11. Ng3 Bh7 12. b4 Bc7 13. Bd3 Bxd3 14. Qxd3 Qe8 15. Bf4
Ng6 16. Bd2 f6 17. exf6 1/2-1/2

[Event "Aeroflot Open A 2017"]
[Site "Moscow RUS"]
[Date "2017.02.24"]
[Round "4.5"]
[White "Vitiugov, Nikita"]
[Black "Kobalia, Mikhail"]
[Result "1/2-1/2"]
[WhiteTitle "GM"]
[BlackTitle "GM"]
[WhiteElo "2724"]
[BlackElo "2628"]
[WhiteFideId "4152956"]
[BlackFideId "4119150"]
[EventDate "2017.02.21"]

1. d4 f5 2. Nc3 Nf6 3. Bg5 d5 4. e3 e6 5. Nf3 a6 6. h3 Be7 7. Bd3 O-O 8. Ne2 c5
9. dxc5 Nc6 10. Ned4 Bxc5 11. O-O Qb6 12. Nb3 Ne4 13. Bf4 Be7 14. c4 Bf6 15.
cxd5 exd5 16. Be2 Rd8 17. Rb1 g5 18. Bh2 Be6 19. Nbd4 Nxd4 20. Nxd4 Bxd4 21.
exd4 f4 22. h4 h6 23. Bf3 Bf5 24. Rc1 Rac8 25. Rxc8 Rxc8 26. Bxe4 dxe4 27. hxg5
hxg5 28. d5 Rd8 29. Qd2 e3 30. Qe2 Rxd5 31. fxe3 fxe3 32. Re1 Rd3 33. Qh5 Qg6
34. Qe2 Be4 35. Rd1 Qb6 36. Kh1 Qd4 37. Rxd3 Bxd3 38. Qh5 Qd5 39. Qe8+ Kh7 40.
Be5 e2 41. Qh5+ Kg8 42. Qe8+ Kh7 1/2-1/2

[Event "Aeroflot Open A 2017"]
[Site "Moscow RUS"]
[Date "2017.02.24"]
[Round "4.9"]
[White "Kovalev, Vladislav"]
[Black "Movsesian, Sergei"]
[Result "1-0"]
[WhiteTitle "GM"]
[BlackTitle "GM"]
[WhiteElo "2598"]
[BlackElo "2679"]
[WhiteFideId "13504398"]
[BlackFideId "310204"]
[EventDate "2017.02.21"]

1. e4 e5 2. Nf3 Nc6 3. Bb5 Nf6 4. O-O Nxe4 5. d4 Nd6 6. Bxc6 dxc6 7. dxe5 Nf5 8.
Qxd8+ Kxd8 9. Nc3 Ke8 10. h3 h5 11. Ne2 Be7 12. Bg5 Be6 13. Nf4 Bd5 14. Nxd5
cxd5 15. Rad1 c6 16. Rd3 f6 17. exf6 gxf6 18. Nh4 Nxh4 19. Bxh4 Kf7 20. c4 dxc4
21. Rd7 Rhd8 22. Rxb7 Rdb8 23. Rc7 Rc8 24. Bg3 Rxc7 25. Bxc7 a6 26. Rc1 Ra7 27.
Bb6 Rb7 28. Bd4 c5 29. Bc3 Rd7 30. Kf1 f5 31. Ke2 Bd6 32. Kf3 Bc7 33. Be1 Rd4
34. Ke2 Re4+ 35. Kf1 Rd4 36. Bc3 Rd8 37. Ke2 Re8+ 38. Kf3 Rd8 39. Rg1 Rd7 40.
Rh1 Kg6 41. Re1 Kf7 42. Ra1 Rd8 43. Rh1 Kg6 44. Re1 Kf7 45. Re3 Rd1 46. Be5 Ba5
47. Bc3 Bc7 48. Ke2 Rd5 49. g3 Rd7 50. Kf3 Rd1 51. g4 Rh1 52. gxf5 Rxh3+ 53. Kg2
Rh2+ 54. Kg1 Rh4 55. Re6 Rg4+ 56. Kf1 h4 57. Rxa6 h3 58. Ra7 h2 59. Rxc7+ Kg8
60. Rc8+ Kf7 61. Rh8 Rg1+ 62. Ke2 h1=Q 63. Rxh1 Rxh1 64. Ke3 Rd1 65. Ke4 Rd7 66.
a4 Ke7 67. Ke5 Rd3 68. a5 Rd1 69. f4 Rd3 70. Ke4 Rd1 71. Be5 Kd7 72. a6 Ra1 73.
Kd5 Rxa6 74. Kxc5 Ra4 75. Bc3 Ra1 76. Kxc4 Rf1 77. Be5 Kc6 78. b4 Rc1+ 79. Bc3
Rf1 80. b5+ Kd7 81. Be5 Rc1+ 82. Kd5 Rb1 83. Kc5 Rc1+ 84. Kb6 Rh1 85. f6 Rh7 86.
Kc5 Rh1 87. b6 Rc1+ 88. Kb5 Rb1+ 89. Ka5 Rb3 90. f7 Ke7 91. Ka6 Ra3+ 92. Kb5
Rb3+ 93. Kc6 1-0

[Event "Aeroflot Open A 2017"]
[Site "Moscow RUS"]
[Date "2017.02.24"]
[Round "4.10"]
[White "Sasikiran, Krishnan"]
[Black "Tari, Aryan"]
[Result "1/2-1/2"]
[WhiteTitle "GM"]
[BlackTitle "GM"]
[WhiteElo "2674"]
[BlackElo "2596"]
[WhiteFideId "5004985"]
[BlackFideId "1510045"]
[EventDate "2017.02.21"]

1. e4 c6 2. d4 d5 3. e5 Bf5 4. Nf3 e6 5. Be2 Ne7 6. O-O c5 7. c4 Nbc6 8. Na3 a6
9. dxc5 d4 10. Qa4 Ng6 11. Rd1 Bxc5 12. b4 Ba7 13. c5 O-O 14. Nc4 d3 15. Bg5 Qd7
16. Nb2 h6 17. Be3 Qd5 18. Nxd3 Qe4 19. Nd2 Qd5 20. Nb2 Qxe5 21. Qa3 Nd4 22.
Bxd4 Qxe2 23. Qf3 Qxf3 24. Nxf3 Be4 25. Nc4 Rad8 26. Nd6 Bd5 1/2-1/2

[Event "Aeroflot Open A 2017"]
[Site "Moscow RUS"]
[Date "2017.02.24"]
[Round "4.12"]
[White "Antipov, Mikhail Al."]
[Black "Motylev, Alexander"]
[Result "1/2-1/2"]
[WhiteTitle "GM"]
[BlackTitle "GM"]
[WhiteElo "2582"]
[BlackElo "2663"]
[WhiteFideId "4107012"]
[BlackFideId "4121830"]
[EventDate "2017.02.21"]

1. e4 e5 2. Bc4 Nf6 3. d3 c6 4. Nf3 d5 5. Bb3 a5 6. a3 a4 7. Ba2 Bd6 8. Nc3 Be6
9. O-O O-O 10. Re1 dxe4 11. Nxe4 Nxe4 12. dxe4 Bxa2 1/2-1/2

[Event "Aeroflot Open A 2017"]
[Site "Moscow RUS"]
[Date "2017.02.24"]
[Round "4.15"]
[White "Bok, Benjamin"]
[Black "Artemiev, Vladislav"]
[Result "1/2-1/2"]
[WhiteTitle "GM"]
[BlackTitle "GM"]
[WhiteElo "2596"]
[BlackElo "2655"]
[WhiteFideId "1017063"]
[BlackFideId "24101605"]
[EventDate "2017.02.21"]

1. e4 c5 2. Nf3 a6 3. c3 d5 4. exd5 Qxd5 5. d4 Bg4 6. Be2 e6 7. h3 Bh5 8. Be3
Nd7 9. c4 Qd6 10. Nc3 Ngf6 11. O-O cxd4 12. Nxd4 Bxe2 13. Qxe2 Be7 14. a3 Qc7
15. b4 Nb6 16. c5 Nbd5 17. Nxd5 Nxd5 18. Nb3 Bf6 19. Bd4 Bxd4 20. Nxd4 O-O 21.
Nb3 Rad8 22. g3 Rd7 23. Na5 Rfd8 24. Rac1 Ne7 25. Rfd1 Nc6 26. Rxd7 Rxd7 27.
Nxc6 Qxc6 28. Rd1 Rd5 29. Rxd5 Qxd5 30. b5 axb5 31. Qxb5 g5 32. a4 Qd1+ 33. Kg2
Qd5+ 34. Kg1 Qd1+ 1/2-1/2

[Event "Aeroflot Open A 2017"]
[Site "Moscow RUS"]
[Date "2017.02.24"]
[Round "4.16"]
[White "Gordievsky, Dmitry"]
[Black "Berkes, Ferenc"]
[Result "1/2-1/2"]
[WhiteTitle "IM"]
[BlackTitle "GM"]
[WhiteElo "2564"]
[BlackElo "2648"]
[WhiteFideId "24112798"]
[BlackFideId "718572"]
[EventDate "2017.02.21"]

1. Nf3 Nf6 2. c4 e6 3. g3 d5 4. b3 Be7 5. Bg2 O-O 6. O-O b6 7. Bb2 Bb7 8. e3 c5
9. Nc3 Nc6 10. cxd5 Nxd5 11. Nxd5 Qxd5 12. d4 Qf5 13. Ne5 Nxe5 14. Bxb7 Rad8 15.
Qb1 Nd3 16. Ba3 a5 17. Bg2 Nb4 18. Be4 Qh5 19. Bb2 Bf6 20. a3 Nd5 21. dxc5 Bxb2
22. Qxb2 Nf6 23. Bg2 Qxc5 24. b4 axb4 25. Qxb4 Qxb4 26. axb4 Nd5 27. b5 g6 28.
Ra6 Rd6 29. Rd1 Rfd8 30. Bxd5 exd5 31. Rc1 Kg7 32. Rc7 d4 33. exd4 Rf6 34. Ra4
Rd5 35. Rb4 h5 36. h4 g5 37. hxg5 Rxg5 38. Rc6 Rxb5 39. Rxb5 Rxc6 40. Rxh5 Rc4 1/2-1/2

[Event "Aeroflot Open A 2017"]
[Site "Moscow RUS"]
[Date "2017.02.24"]
[Round "4.17"]
[White "Indjic, Aleksandar"]
[Black "Gupta, Abhijeet"]
[Result "1/2-1/2"]
[WhiteTitle "GM"]
[BlackTitle "GM"]
[WhiteElo "2560"]
[BlackElo "2645"]
[WhiteFideId "911925"]
[BlackFideId "5010608"]
[EventDate "2017.02.21"]

1. d4 Nf6 2. c4 g6 3. Nc3 d5 4. Nf3 Bg7 5. Qb3 dxc4 6. Qxc4 Be6 7. Qd3 c5 8. e4
O-O 9. d5 Bc8 10. Bg5 h6 11. Be3 e6 12. Bxc5 Re8 13. d6 b6 14. Ba3 Nc6 15. Be2
a5 16. O-O Nb4 17. Qd2 Bb7 18. Bb5 Rf8 19. Rfe1 Rc8 20. Nd4 Ng4 21. Nf3 Rc5 22.
Rad1 Qa8 23. d7 Rd8 24. Qd6 Bc6 25. Bxc6 Qxc6 26. Na4 Qxd6 27. Rxd6 Rc2 28. Bxb4
axb4 29. Nxb6 Nxf2 30. Kf1 Ng4 31. Re2 Rc1+ 32. Re1 Rc2 33. Re2 Rc1+ 34. Re1 1/2-1/2

[Event "Aeroflot Open A 2017"]
[Site "Moscow RUS"]
[Date "2017.02.24"]
[Round "4.21"]
[White "Korobov, Anton"]
[Black "Lomasov, Semen"]
[Result "1/2-1/2"]
[WhiteTitle "GM"]
[BlackTitle "IM"]
[WhiteElo "2691"]
[BlackElo "2450"]
[WhiteFideId "14105730"]
[BlackFideId "24164879"]
[EventDate "2017.02.21"]

1. e4 e6 2. d4 d5 3. Nd2 c5 4. exd5 Qxd5 5. Ngf3 cxd4 6. Bc4 Qd6 7. O-O Nf6 8.
Nb3 Nc6 9. Re1 a6 10. Nbxd4 Nxd4 11. Nxd4 Qc7 12. Bd3 Bd6 13. g3 O-O 14. Bg5 Be5
15. c3 Bxd4 16. cxd4 Nd5 17. Rc1 Qd7 18. Qg4 b6 19. Qe4 f5 20. Qe5 h6 21. Bf4
Rf6 22. Bc4 Bb7 23. Qd6 Rd8 24. Qxd7 Rxd7 25. Be5 Rf8 26. Bb3 Kf7 27. a3 g5 28.
h3 Rg8 29. Ba4 Rdd8 30. Bd1 Rc8 31. Bh5+ Ke7 32. Bf3 Kf7 33. g4 fxg4 34. Bxg4
Rxc1 35. Rxc1 Rc8 36. Rxc8 Bxc8 37. Kh2 Kg6 38. Bd1 h5 39. Bc2+ Kf7 40. h4 g4
41. Kg3 Bd7 42. Be4 Bc6 43. f3 gxf3 44. Bxf3 Kg6 45. Bd6 b5 46. Bg2 Bb7 47. Bf4
Bc6 48. Bg5 Bb7 49. Bf1 Bc6 50. a4 Kf7 51. a5 Nb4 52. Bd2 Nd5 53. Kf3 Ne7+ 54.
Kf4 Nf5 55. Be2 Nxh4 56. Bxh5+ Ke7 57. Bg4 Bd5 1/2-1/2

[Event "Aeroflot Open A 2017"]
[Site "Moscow RUS"]
[Date "2017.02.24"]
[Round "4.22"]
[White "Sandipan, Chanda"]
[Black "Sjugirov, Sanan"]
[Result "1/2-1/2"]
[WhiteTitle "GM"]
[BlackTitle "GM"]
[WhiteElo "2573"]
[BlackElo "2673"]
[WhiteFideId "5004225"]
[BlackFideId "4189302"]
[EventDate "2017.02.21"]

1. e4 c5 2. Nf3 d6 3. Bb5+ Bd7 4. Bxd7+ Qxd7 5. c4 Nf6 6. Nc3 g6 7. d4 cxd4 8.
Nxd4 Bg7 9. f3 O-O 10. Be3 Nc6 11. O-O a6 12. a4 e6 13. Rc1 Ne5 14. b3 d5 15.
cxd5 exd5 16. exd5 Nxd5 17. Nxd5 Qxd5 18. Nf5 Nxf3+ 19. Rxf3 Qxd1+ 20. Rxd1 gxf5
21. Rd7 Rfe8 22. Kf2 Rac8 23. Rxb7 Be5 24. Rxf5 Rc2+ 25. Kg1 Bd6 26. Rd7 Rxe3
27. Rxd6 Re1+ 28. Rf1 Ree2 29. Kh1 Rxg2 30. Rg1 1/2-1/2

[Event "Aeroflot Open A 2017"]
[Site "Moscow RUS"]
[Date "2017.02.24"]
[Round "4.23"]
[White "Zhigalko, Andrey"]
[Black "Vidit, Santosh Gujrathi"]
[Result "1/2-1/2"]
[WhiteTitle "GM"]
[BlackTitle "GM"]
[WhiteElo "2571"]
[BlackElo "2673"]
[WhiteFideId "13502247"]
[BlackFideId "5029465"]
[EventDate "2017.02.21"]

1. e4 c5 2. Nf3 Nc6 3. d4 cxd4 4. Nxd4 Nf6 5. Nc3 e5 6. Ndb5 d6 7. Bg5 a6 8. Na3
b5 9. Bxf6 gxf6 10. Nd5 f5 11. c3 Bg7 12. exf5 Bxf5 13. Nc2 O-O 14. Nce3 Be6 15.
Bd3 f5 16. O-O Ra7 17. Qh5 e4 18. Bc2 Ne7 19. Rad1 Nxd5 20. Nxd5 Be5 21. f4 exf3
22. gxf3 Bf7 23. Qh3 Bxd5 24. Rxd5 Qg5+ 25. Qg2 Rg7 26. Qxg5 Rxg5+ 27. Kh1 Re8
28. Re1 Kf8 29. a4 bxa4 30. Bxa4 Rb8 31. Rd2 Rh5 32. Bc6 Rh4 33. Ra1 Rb6 34. Bd7
Rf4 35. Kg2 Rb7 36. Bc6 Rb6 37. Bd7 Ke7 38. Bc8 Rb8 39. Bxa6 Rg8+ 40. Kh1 Rxf3
41. Rf1 Rxf1+ 42. Bxf1 1/2-1/2

[Event "Aeroflot Open A 2017"]
[Site "Moscow RUS"]
[Date "2017.02.24"]
[Round "4.24"]
[White "Zhigalko, Sergei"]
[Black "Svane, Rasmus"]
[Result "1/2-1/2"]
[WhiteTitle "GM"]
[BlackTitle "GM"]
[WhiteElo "2652"]
[BlackElo "2570"]
[WhiteFideId "13502956"]
[BlackFideId "4657101"]
[EventDate "2017.02.21"]

1. e4 e5 2. Nf3 Nc6 3. Bb5 a6 4. Ba4 Nf6 5. O-O Be7 6. Re1 b5 7. Bb3 O-O 8. a4
b4 9. d3 d6 10. a5 Be6 11. Nbd2 Qb8 12. Bc4 Qb7 13. h3 Rae8 14. Nf1 Bxc4 15.
dxc4 Nd8 16. Ng3 Ne6 17. b3 Nd7 18. Nf5 g6 19. Qd5 Ndc5 20. Nxe7+ Rxe7 21. Bh6
Rfe8 22. Rad1 f6 23. h4 Kf7 24. g3 Rd7 25. Kg2 Red8 26. Qxb7 Nxb7 27. Bd2 c5 28.
h5 g5 29. g4 Re7 30. Ra1 Rb8 31. Ra2 Nbd8 32. Nh2 Nc6 33. f3 Nf4+ 34. Kf2 Nd4
35. Nf1 Nh3+ 36. Kg2 Nf4+ 37. Kf2 Nh3+ 38. Kg2 Nf4+ 39. Kf2 Nh3+ 40. Kg2 1/2-1/2

[Event "Aeroflot Open A 2017"]
[Site "Moscow RUS"]
[Date "2017.02.24"]
[Round "4.25"]
[White "Alekseev, Evgeny"]
[Black "Grigoriants, Sergey"]
[Result "1/2-1/2"]
[WhiteTitle "GM"]
[BlackTitle "GM"]
[WhiteElo "2632"]
[BlackElo "2564"]
[WhiteFideId "4138147"]
[BlackFideId "4130804"]
[EventDate "2017.02.21"]

1. d4 Nf6 2. Bf4 g6 3. Nc3 d5 4. Qd2 Bg7 5. O-O-O c6 6. f3 b5 7. Kb1 Nbd7 8. e3
Nb6 9. Bd3 a5 10. e4 dxe4 11. fxe4 b4 12. Nce2 Ng4 13. Rf1 e5 14. h3 exf4 15.
hxg4 g5 16. Nf3 Bxg4 17. e5 Be6 18. Be4 Bd5 19. Qd3 h6 20. g3 Bxe4 21. Qxe4 Qd5
22. Nd2 Nc4 23. Nxc4 Qxc4 24. gxf4 O-O-O 25. fxg5 hxg5 26. Rxh8 Bxh8 27. Qg4+
Kb8 28. b3 Qd5 29. Qh5 c5 30. Rxf7 cxd4 31. Qg6 Bxe5 32. Qb6+ Kc8 33. Qa6+ Kb8
34. Qb6+ 1/2-1/2

[Event "Aeroflot Open A 2017"]
[Site "Moscow RUS"]
[Date "2017.02.24"]
[Round "4.28"]
[White "Tran, Tuan Minh"]
[Black "Oparin, Grigoriy"]
[Result "0-1"]
[WhiteTitle "IM"]
[BlackTitle "GM"]
[WhiteElo "2491"]
[BlackElo "2625"]
[WhiteFideId "12401820"]
[BlackFideId "24125890"]
[EventDate "2017.02.21"]

1. c4 e6 2. Nc3 c5 3. Nf3 Nf6 4. e3 Nc6 5. Be2 d5 6. cxd5 Nxd5 7. O-O Be7 8. b3
Nxc3 9. dxc3 Qc7 10. Bb2 O-O 11. Qc2 b6 12. Rad1 Bb7 13. Rd2 Rfd8 14. Bd3 h6 15.
Rfd1 Bf6 16. h3 Kf8 17. Be2 Ne7 18. Ne1 Rxd2 19. Rxd2 Rd8 20. Rxd8+ Qxd8 21. Bc1
Nf5 22. c4 Nh4 23. g3 Ng6 24. Bf3 Qa8 25. Bxb7 Qxb7 26. f4 Ne7 27. Qg2 Qc8 28.
Nd3 Qd8 29. Nf2 g5 30. Kf1 gxf4 31. exf4 Qd4 32. Qe4 Qc3 33. Qe3 Qa1 34. Qd2 Bc3
35. Qc2 Nf5 36. Nd1 Nxg3+ 37. Kg2 Ne2 38. Nxc3 Qxc3 39. Qxe2 Qxc1 40. Kg3 Qc3+
41. Kg2 Qd4 42. Kf3 Ke7 43. Qe1 Qd3+ 44. Kg4 f6 45. Qh1 Qe2+ 46. Kh4 Kf7 47. Qa8
Kg6 48. Qg8+ Kf5 49. Qh7+ Kxf4 50. Qxh6+ Ke5 51. Qg7 Qf2+ 52. Kh5 Qf3+ 53. Kh4
Ke4 54. Qg6+ Ke3 55. Qg1+ Qf2+ 0-1

[Event "Aeroflot Open A 2017"]
[Site "Moscow RUS"]
[Date "2017.02.24"]
[Round "4.29"]
[White "Esipenko, Andrey"]
[Black "Jumabayev, Rinat"]
[Result "1/2-1/2"]
[WhiteTitle "FM"]
[BlackTitle "GM"]
[WhiteElo "2502"]
[BlackElo "2611"]
[WhiteFideId "24175439"]
[BlackFideId "13702661"]
[EventDate "2017.02.21"]

1. d4 Nf6 2. c4 g6 3. Nc3 d5 4. cxd5 Nxd5 5. e4 Nxc3 6. bxc3 Bg7 7. Qa4+ Qd7 8.
Bb5 c6 9. Be2 c5 10. Bb5 Nc6 11. Nf3 O-O 12. O-O Qc7 13. Bxc6 Qxc6 14. Qxc6 bxc6
15. Ba3 cxd4 16. cxd4 Rd8 17. Bc5 f6 18. Rfb1 Rd7 19. Rb3 Ba6 20. Rc1 Bh6 21.
Rcc3 Kf7 22. Rb2 Bb5 23. g3 e5 24. h4 exd4 25. Nxd4 a6 26. Nxb5 cxb5 27. Bb6 Re8
28. Re2 Re6 29. Ba5 Bf8 30. Rc8 Rb7 31. Ra8 b4 32. Rd2 Be7 33. Kg2 Rc6 34. Bd8
Bd6 35. Ba5 Be7 36. Bd8 Bd6 37. Ba5 Be7 1/2-1/2